00343nam a2200145Ia 4500003000400000005001700004008004100021040000700062041000800069082002100077245003500098260004500133300001100178365000800189OSt20230601112634.0210423s1981 xx 000 0 und d cAL aeng a304.6 223bDASC aCenus of india 1981 karnataka. aKarnatakabGovernment Of Karnatakac1981 a34bPB cINR